| 000 | 00769nam a2200193 a 4500 | ||
|---|---|---|---|
| 001 | 000028988 | ||
| 005 | 20210622122544.0 | ||
| 008 | 110413s1974 dr 000 | spa d | ||
| 040 |
_aDO-SdBNP _bspa _cBNPHU |
||
| 082 |
_axxx _bD542p |
||
| 100 | 1 |
_aDíaz Santana, Arismendi _91343 |
|
| 245 | 1 | 0 |
_aPapel de las minorias étnicas (africana y asiática) el desarrollo socio político / _cArismendi Díaz Santana. |
| 260 |
_aSanto Domingo : _bPublicaciones de la UASD, _c1974. |
||
| 300 |
_a32 p. ; _c20 cm. |
||
| 490 | 1 |
_aConferencia _v24/177 |
|
| 500 | _aPonencia del "Primer Seminario Latinoamericano: papel de las minorías étnicas (africana y asiática) en el desarrollo socio político de América Latina". | ||
| 830 | 0 |
_aConferencia; _v24/177 _91181 |
|
| 049 | _aBNPD | ||
| 999 |
_c28480 _d28480 |
||